000 00340nam a22001337a 4500
008 180919b xxu||||| |||| 00| 0 eng d
020 _a0674833422
041 _aeng
080 _a941
100 _a16
101 _aHIS
245 _aSpreading The News A American Postal System From Franklin To Morse
_cJohn.R.R
942 _2udc
_cBK
999 _c48025
_d48025